| 000 | 01123nam a22002657a 4500 | ||
|---|---|---|---|
| 999 |
_c65290 _d65290 |
||
| 005 | 20240530110817.0 | ||
| 008 | 190626s2018 ua ak f b 000 0|ara d | ||
| 017 | _bمصر. دار الكتب | ||
| 040 |
_aEG-CaGPL _cEG-CaGPL |
||
| 082 | 0 | 4 |
_221 _a729/ _bع ح |
| 100 | 0 | _aعبدالله محمود احمد كامل | |
| 245 | 1 | 2 |
_aالحليات الجصية المعمارية فى المشات الاثرية والتراثية : _bتطبيقاتها وخاماتها / _cتاليف عبدالله محمود احمد كامل ؛ تقديم محمد عبدالهادى محمد |
| 250 | _aط.1 | ||
| 260 |
_aالقاهرة : _bالمؤلف، _c2018. |
||
| 300 |
_a160 ص. : _bايض ؛ _c24 سم. |
||
| 504 | _aيشتمل على ارجاعات ببليوجرافية | ||
| 650 | 0 | 7 |
_2qrmak _aالمنشات _xزخرفة |
| 650 | 0 | 7 |
_2qrmak _aالزخرفة المعمارية |
| 650 | 0 | 7 |
_2qrmak _aالعمارة |
| 651 | _2qrmak | ||
| 653 | 0 | _aالجصية - المنشات | |
| 700 | 0 |
_aمحمد عبدالهادى محمد _eمقدم |
|
| 942 |
_2ddc _cBK |
||